000 01121nam a2200229 a 4500
003 AR-RoUNCS
005 20251216152743.0
008 250805s2018 ag gr 001 d spa
020 _a978-84-662-3775-8
040 _aAR-BaBN
_bspa
_cAR-RoUNCS
_eaacr
080 1 _a82-21(41)
_22016
100 1 _aShakespeare, William,
_d1564-1616
_eautor
_4aut
245 1 0 _aRomeo y Julieta /
_cWilliam Shakespeare.
250 _a1a ed.
260 _aMadrid :
_bEditorial Libsa,
_c2018.
300 _a159 p. ;
_c18 cm.
520 3 _aLa fatalidad que persiguen a los amantes y su trágico final hizo de "Romeo y Julieta" una de las obras más populares de William Shakespeare, quizás la más magistral, la que sigue representando con el mismo entusiasmo que cuando se estrenó. Su habilidad para pasar de la comedia inicial a la definitiva tragedia manteniendo en tensión al lector era ya el indicio de de que su fama perduraría en el tiempo como un tratado del amor romántico y de sus funestas consecuencias (Nota del editor).
650 4 _aTragedia inglesa
650 4 _aLiteratura inglesa
655 4 _aTeatro
942 _2udc
_cLPD
_n0
999 _c853
_d853